| 000 | 00590cam a22001691 4500 | ||
|---|---|---|---|
| 082 | 0 | 0 |
_a621.815 _bVAL _cL-12, P-45 |
| 100 | 1 |
_aVallance, Alex. _941911 |
|
| 245 | 1 | 0 |
_aDesign of machine members _c[by] Venton Levy Doughtie [and] Alex. Vallance, with some revisions by Leonhardt F. Kreisle. |
| 250 | _a3rd ed. | ||
| 260 |
_aNew York, _bMcGraw-Hill _c[1964] |
||
| 300 |
_avi, 520 p. _billus. _c23 cm. |
||
| 500 | _aFirst ed. by Alex. Vallance. | ||
| 526 |
_a0 _b0 _c0 _d621_815000000000000_VAL |
||
| 650 | 0 |
_aMachine design. _918984 |
|
| 700 | 1 |
_aDoughtie, Venton Levy, _941912 |
|
| 942 |
_2ddc _cBK |
||
| 999 |
_c545935 _d545935 |
||